<?xml version="1.0" encoding="UTF-8"?>
<marc:record xmlns:marc="http://www.loc.gov/MARC21/slim">
   <marc:leader>00000nam a2200000 a 4500</marc:leader>
   <marc:datafield ind1="1" ind2=" " tag="100">
      <marc:subfield code="a">Gehm, Franziska</marc:subfield>
      <marc:subfield code="4">aut</marc:subfield>
      <marc:subfield code="e">Verfasser/-in</marc:subfield>
   </marc:datafield>
   <marc:datafield ind1="0" ind2="0" tag="245">
      <marc:subfield code="a">Die VulkanosBd. 4.  Vulkanos brüten was aus!</marc:subfield>
   </marc:datafield>
   <marc:datafield ind1=" " ind2="1" tag="264">
      <marc:subfield code="b">Loewe</marc:subfield>
   </marc:datafield>
   <marc:datafield ind1="1" ind2=" " tag="490">
      <marc:subfield code="a">Die Vulkanos / Franziska Gehm</marc:subfield>
   </marc:datafield>
   <marc:datafield ind1="1" ind2=" " tag="520">
      <marc:subfield code="a">Heimtückische Plinguine und unsichtbare Bewacher, die einen Schatz aus Diamanten hüten  so ein Quatsch, findet Krato. Natürlich weiß er, wie es sich mit Märchen verhält: Die eine Hälfte stimmt, die andere nicht. Und in diesem Fall stimmt sicher nur die Hälfte mit dem Schatz. Also ziehen Flambia und Krato los auf Schatzsuche in der Steinsteppe! (Verlagstext)</marc:subfield>
   </marc:datafield>
   <marc:datafield ind1=" " ind2=" " tag="020">
      <marc:subfield code="a">9783785580462</marc:subfield>
      <marc:subfield code="9">9783785580462</marc:subfield>
   </marc:datafield>
</marc:record>
